000
00311nam a2200133Ia 4500
008
150201s2008 xx 000 0 und d
082
_a
611
_b
H08H
100
_a
HALIM,A
245
_a
HUMAN ANATOMY-I
250
_a
1ST
260
_b
I.K. INTERNATIONAL
_a
DELHI
_c
2008
650
_a
HUMAN ANATOMY
942
_2
ddc
_c
BK
_0
1
999
_c
826
_d
826